Un sistema electoral para una democracia estable. /

Bibliographic Details
Main Author: Portales, Carlos
Format: Libro
Language:English
Published: Santiago, Chile FLACSO 1988
Series:FLACSO-Santiago de Chile. Programa. Documento de trabajo 391
Subjects:

MARC

LEADER 00000cam a2200000 a 4500
001 033283
003 UAHC_CL
005 20170803123622.0
008 010822b xx j 000 1 eng
040 |a UAHC_CL  |c UAHC_CL  |d UAHC_CL 
082 0 4 |a FLACSO 0-171 
100 1 |a Portales, Carlos 
245 1 3 |a Un sistema electoral para una democracia estable. /  |c Carlos Portales. 
260 |b FLACSO  |c 1988  |a Santiago, Chile 
300 |a 38 p. 
490 0 |a FLACSO-Santiago de Chile. Programa. Documento de trabajo  |v 391 
650 4 |a DEMOCRACIA 
650 4 |a ELECCIONES 
650 4 |a PARTIDOS POLITICOS 
900 |a FLACSO 0-171 
942 |c BK 
952 |0 0  |1 0  |4 0  |6 FLACSO_0171  |7 0  |8 General  |9 63840  |a BC  |b BC  |c General  |d 2017-08-03  |l 0  |o FLACSO 0-171  |p 1312594  |r 2019-01-15 00:00:00  |t 1  |w 2017-08-03  |y BK 
952 |0 0  |1 0  |4 0  |6 FLACSO_0171  |7 0  |8 General  |9 63841  |a BC  |b BC  |c General  |d 2017-08-03  |l 0  |o FLACSO 0-171  |p 1318102  |r 2019-01-15 00:00:00  |t 2  |w 2017-08-03  |y BK 
999 |c 33283  |d 33283